000 00703cam a22002413a 4500
001 10152
003 PGUSA
005 20140828083220.0
008 031101s2003||||xxu|||||s|||||000 | eng d
040 _aPGUSA
_beng
042 _adc
050 4 _aPN
100 1 _aLett, Bob
245 1 0 _aVoice Trial - Kinetophone actor audition
_h[electronic resource] /
_cBob Lett
260 _bProject Gutenberg,
_c2003
500 _aRecorded June 24, 1913, the Edison motion picture film studio, Bronx, NY.
506 _aPublic domain in the USA.
516 _aElectronic text
653 _aAuditions
830 0 _aProject Gutenberg
_v10152
856 4 0 _uhttp://www.gutenberg.org/ebooks/10152
942 _cEB
999 _c239407
_d239407